书目信息 |
| 题名: |
跨座式单轨交通规划与设计
|
|
| 作者: | 陈鸿 , 陈文艳 主编 ;上海市隧道工程轨道交通设计研究 主编 | |
| 分册: | ||
| 出版信息: | 北京 中国建筑工业出版社 2019.07 |
|
| 页数: | 218页, [16] 页图版 | |
| 开本: | 27cm | |
| 丛书名: | ||
| 单 册: | ||
| 中图分类: | U239.5 | |
| 科图分类: | ||
| 主题词: | 城市铁路--cheng shi tie lu--独轨铁路--交通规划 , 城市铁路--cheng shi tie lu--独轨铁路--设计 | |
| 电子资源: | ||
| ISBN: | 978-7-112-23211-6 | |
| 000 | 01122nam0 2200253 450 | |
| 001 | 2079079680 | |
| 005 | 20201105215813.76 | |
| 010 | @a978-7-112-23211-6@b精装@dCNY68.00 | |
| 100 | @a20190919d2019 em y0chiy50 ea | |
| 101 | 0 | @achi |
| 102 | @aCN@b110000 | |
| 105 | @aaf z 000yy | |
| 200 | 1 | @a跨座式单轨交通规划与设计@Akua zuo shi dan gui jiao tong gui hua yu she ji@f上海市隧道工程轨道交通设计研究, 陈鸿, 陈文艳主编 |
| 210 | @a北京@c中国建筑工业出版社@d2019.07 | |
| 215 | @a218页, [16] 页图版@c图@d27cm | |
| 330 | @a本书旨在分析归纳已有的技术成果, 展望新技术的发展前沿, 共同为中国跨座式单轨技术的持续发展, 贡献一份力量。全书共20章, 内容包括: 跨座式单轨交通历史回眸、重庆跨座式单轨技术、跨座式单轨车辆等。 | |
| 606 | 0 | @a城市铁路@Acheng shi tie lu@x独轨铁路@x交通规划 |
| 606 | 0 | @a城市铁路@Acheng shi tie lu@x独轨铁路@x设计 |
| 690 | @aU239.5@v5 | |
| 701 | 0 | @a陈鸿@Achen hong@4主编 |
| 701 | 0 | @a陈文艳@Achen wen yan@4主编 |
| 711 | 02 | @a上海市隧道工程轨道交通设计研究@Ashang hai shi sui dao gong cheng gui dao jiao tong she ji yan jiu@4主编 |
| 801 | 0 | @aCN@b人天书店@c20200930 |
| 905 | @aZUCC@dU239.5@eC442 | |
| 跨座式单轨交通规划与设计/上海市隧道工程轨道交通设计研究, 陈鸿, 陈文艳主编.-北京:中国建筑工业出版社,2019.07 |
| 218页, [16] 页图版:图;27cm |
| ISBN 978-7-112-23211-6(精装):CNY68.00 |
| 本书旨在分析归纳已有的技术成果, 展望新技术的发展前沿, 共同为中国跨座式单轨技术的持续发展, 贡献一份力量。全书共20章, 内容包括: 跨座式单轨交通历史回眸、重庆跨座式单轨技术、跨座式单轨车辆等。 |
| ● |
| 相关链接 |
|
|
|
正题名:跨座式单轨交通规划与设计
索取号:U239.5/C442
 
预约/预借
| 序号 | 登录号 | 条形码 | 馆藏地/架位号 | 状态 | 备注 |
| 1 | 1480864 | 214808644 | 自科库501/501自科库 79排2列1层/ [索取号:U239.5/C442] | 在馆 | |
| 2 | 1480865 | 214808653 | 自科库501/501自科库 79排2列1层/ [索取号:U239.5/C442] | 在馆 |